[Event "Excelsior Cup"]
[Site "Gothenburg"]
[Date "1997.??.??"]
[Round "3"]
[White "Gdanski, Jacek"]
[Black "Moberg, Karl Johan"]
[Result "1-0"]
[WhiteElo "2485"]
[BlackElo "2335"]
[Annotator "Konikowski,J"]
[PlyCount "80"]
[EventDate "1997.01.??"]
[EventType "tourn"]
[EventRounds "9"]
[EventCountry "SWE"]
[EventCategory "9"]
[SourceTitle "CBM 057"]
[Source "ChessBase"]
[SourceDate "1997.04.01"]
[SourceVersion "1"]
[SourceVersionDate "1997.04.01"]
[SourceQuality "1"]

1. e4 e5 2. Nf3 Nc6 3. Bb5 a6 4. Ba4 Nf6 5. O-O b5 6. Bb3 Bc5 7. a4 Bb7 8. d3
d6 9. Nc3 b4 10. Ne2 (10. Nd5 $5) 10... Ne7 11. Ng3 h6 12. c3 bxc3 (12... O-O
13. d4 exd4 14. cxd4 Ba7 15. Re1 $14) 13. bxc3 O-O 14. Nh4 Bc8 (14... d5 $142
$5) 15. d4 Bb6 16. h3 exd4 17. a5 Ba7 18. cxd4 d5 19. e5 Ne4 20. Ba3 Nxg3 21.
fxg3 c5 (21... Be6 22. Bc2 {/\Qd1-d3->}) 22. Bxc5 Bxc5 23. dxc5 Qc7 24. Kh2 Be6
25. Qd3 Qxc5 (25... Qxe5 26. Rae1 Qg5 27. Bc2 g6 28. Nf3 Qf5 (28... Qf6 29. Nd4
Bf5 30. Qd2 $18) 29. Qd2 $18) 26. Bc2 g6 27. Rf6 Ra7 (27... Rfc8 28. Nxg6 $1
Nf5 (28... Nxg6 29. Rxg6+ fxg6 30. Qxg6+ Kf8 31. Rf1+ Ke7 32. Qg7+ Kd8 33. Rf8+
Qxf8 34. Qxf8+ Kc7 (34... Kd7 35. Ba4+ Rc6 36. Qxa8 $18) 35. Qd6+ Kb7 36. Qb6#)
29. g4 Qxc2 30. Qxc2 Rxc2 31. gxf5 $18) 28. Nxg6 Nxg6 29. Rxg6+ fxg6 30. Qxg6+
Rg7 31. Qxe6+ Kh8 32. Qxh6+ Kg8 33. Qe6+ Kh8 (33... Rff7 34. Bg6 $18) 34. Qh6+
Kg8 35. Bb3 Rxg3 (35... Rb8 36. Qe6+ Kh8 37. Bxd5 Qe3 38. Bf3 $18) 36. Kxg3
Qc3+ 37. Kh4 Qd4+ (37... Qxb3 38. Qg6+ Kh8 39. Rb1 Qc4+ 40. g4 Qc7 41. Qh6+ Kg8
42. Qg5+ Kh8 43. Rb6 Rf7 44. Rh6+ Rh7 45. e6 $18) 38. g4 Qf2+ 39. Kh5 Rf5+ (
39... Qf3 40. Qg6+ Kh8 41. h4 Qxb3 42. Rb1 $18) 40. gxf5 Qf3+ 1-0

[Event "Belgium"]
[Site "Belgium"]
[Date "1993.??.??"]
[Round "?"]
[White "Dutreeuw, Marc"]
[Black "Kishnev, Sergey"]
[Result "0-1"]
[WhiteElo "2455"]
[BlackElo "2500"]
[Annotator "Konikowski,J"]
[PlyCount "52"]
[EventDate "1993.??.??"]
[EventType "game"]
[EventRounds "1"]
[EventCountry "BEL"]
[SourceTitle "CBM 038"]
[Source "ChessBase"]
[SourceDate "1994.02.01"]
[SourceVersion "1"]
[SourceVersionDate "1994.02.01"]
[SourceQuality "1"]

1. e4 e5 2. Nf3 Nc6 3. Bb5 a6 4. Ba4 Nf6 5. O-O b5 6. Bb3 Bb7 7. Re1 Bc5 8. c3
d6 9. d4 (9. a4 O-O (9... h6 10. a5 O-O 11. d4 Ba7 12. d5 Ne7 13. c4 Ng4 14.
Be3 Nxe3 15. fxe3 f5 $17 {Polanski-Polaczek/corr.1988/91/}) 10. d4 Bb6 11. axb5
axb5 12. Rxa8 Bxa8 13. Na3 exd4 14. cxd4 Na5 15. Bg5 Re8 16. Bd5 b4 17. Bxf6
Qxf6 18. Qa4 Kf8 19. Bxa8 bxa3 20. Bd5 axb2 21. Qb4 c6 22. Ba2 Bc7 23. Qxb2 $14
{Fedorowicz-Gulko/Groningen/1990/}) 9... Bb6 10. Bg5 h6 11. Bh4 (11. Bxf6 Qxf6
12. Bd5 O-O (12... O-O-O $5) 13. Na3 (13. dxe5 dxe5 14. Qe2 Rad8 15. Nbd2 Rd7
16. Nf1 Rfd8 17. Rad1 $13) 13... g5 14. dxe5 dxe5 15. Qe2 Nd8 16. Bxb7 Nxb7 17.
Nc2 Rfd8 18. Rad1 Rxd1 19. Rxd1 Rd8 20. Rxd8+ Nxd8 21. Ne3 Bxe3 22. Qxe3 $14 {
Korolev}) 11... g5 (11... Qe7 12. a4 g5 13. Bg3 h5 14. axb5 axb5 15. Rxa8+ Bxa8
16. h4 g4 17. Ng5 (17. Nh2 exd4 18. Nf1 O-O 19. Bf4 Nxe4 20. Ng3 Nxf2 21. Kxf2
Qf6 22. Nxh5 Qxh4+ 23. Ng3 Ne5 24. cxd4 Qf6 $44 {Ernst Th.-Shirov/Gausdal/1991/
}) 17... Nd8 18. dxe5 (18. f4 Nd7 19. f5 Nf8 20. f6 Qxf6 21. Nxf7 (21. Rf1 $5)
21... Nxf7 22. Rf1 Qh6 23. Bxf7+ Ke7 24. Kh2 Nd7 25. Na3 $36 {Vasiukov-Kuzmin
G./Leningrad/1991/}) 18... dxe5 19. Ba2 Nd7 20. Qb3 Bc6 21. Rd1 f6 22. Ne6 Nxe6
23. Qxe6 Qxe6 24. Bxe6 Nc5 25. Bd5 Bxd5 26. exd5 Ne4 27. Kf1 Kd7 28. Na3 Ra8
$17 {Fernandez Garcia-Chiburdanidze/Salamanca/1990/}) (11... Qd7 12. a4 O-O-O
13. axb5 axb5 14. Bxf6 (14. Na3 g5 15. Bg3 h5 16. h4 (16. dxe5 h4 17. exf6 hxg3
18. hxg3 g4 19. Nd4 Rh5 20. Naxb5 Rdh8 21. Kf1 Bxd4 22. Nxd4 Rh1+ 23. Ke2 Rxe1+
24. Qxe1 Nxd4+ 25. cxd4 Qb5+ 26. Ke3 Qxb3+ $19 {Tosic-Huzman/Vrnjacka Banja/
1991/}) 16... gxh4 (16... Rdg8 $13) 17. Bxh4 Rh6 18. Nxb5 Rg8 19. Ng5 Rhg6 20.
Bxf7 Rxg5 21. Bxg8 Rxg8 22. Bxf6 Qh3 23. g3 Rf8 24. Bh4 exd4 25. cxd4 Ne5 26.
f4 Rxf4 27. gxf4 Nf3+ 28. Kf2 Nxe1 29. Qxe1 Qxh4+ 30. Ke3 Qh3+ 31. Kd2 Qb3 $17
{Van der Sterren-Fernandez Garcia/Luzern/1982/}) 14... gxf6 15. Bd5 Rdg8 (15...
Rhg8 16. Kh1 f5 $13) 16. g3 Qh3 17. Kh1 h5 18. Ng1 Qd7 19. dxe5 h4 20. g4 Rxg4
21. e6 Rxg1+ 22. Rxg1 fxe6 23. Bb3 Ne5 $44 {Somlai-Letay/Hungary/1992/}) 12.
Bg3 O-O (12... Qe7 13. a4 h5 14. axb5 axb5 15. Rxa8+ Bxa8 16. h4 g4 17. Ng5 Nd8
18. Na3 Nd7 19. d5 (19. Nc2 f6 20. Ne3 fxg5 21. Nf5 Qh7 22. Qd3 Rf8 23. hxg5
Bxe4 24. Nxd6+ cxd6 25. Rxe4 Qf5 26. g6 $13 {Ernst-Shirov/Gausdal/1990/}) 19...
f6 20. Ne6 Nxe6 21. dxe6 Nc5 22. Nxb5 Nxe4 23. Kh2 f5 $1 24. Bd5 Bxd5 25. Qxd5
O-O 26. Rxe4 fxe4 27. Qxe4 Kg7 28. Qe2 Qxe6 29. c4 Qf5 $19 {Iacob-Telbis/corr.
1991/92/}) 13. a4 (13. h4 g4 14. Nh2 h5 15. Qc1 Kh7 16. Qg5 Rg8 17. Qf5+ Kh8
18. dxe5 (18. Bxf7 Bc8 19. Be6 Bxe6 20. Qxe6 Bxd4 $1 21. Nd2 (21. cxd4 $4 Nxd4
22. Qf7 Rg7 $19) 21... Bb6 $13) 18... Nxe5 19. Bxe5 dxe5 20. Qxe5 Qd6 $17 {
Prandstetter-Mikhalchishin/Dortmund/1990/}) (13. dxe5 Nxe5 14. Nxe5 dxe5 15.
Qf3 Re8 16. Nd2 Qe7 17. h3 Nd7 18. Nf1 Qf6 $15 {Vehi Bach-Mikhalchishin/
Groningen/1990/}) (13. Qd3 Nh5 14. Nbd2 Qf6 15. Bd5 Rae8 16. a4 Nxg3 17. hxg3
exd4 18. axb5 axb5 19. Bxc6 Bxc6 20. Nxd4 Bd7 21. Nf1 Re5 22. Ne3 Qg6 23. Nef5
g4 24. Qd2 Kh7 25. Nh4 Qg5 26. Qd3 Rfe8 $10 {Karnovich-Korolev A./corr.1991/92/
}) 13... exd4 (13... Na5 14. Bc2 Nh5 15. axb5 axb5 16. dxe5 Nxg3 17. hxg3 Nc4
18. Rxa8 Bxa8 19. exd6 Nxb2 20. Qe2 Qxd6 21. Qxb5 Rb8 22. e5 $16 {
Loginov-Korolev A./corr.1992/}) 14. cxd4 Re8 15. e5 dxe5 16. Nxe5 $2 (16. dxe5
$142) 16... Qxd4 $1 17. Bxf7+ (17. Qxd4 Bxd4 18. Bxf7+ Kf8 19. Bxe8 Nxe5 $17)
17... Kf8 18. Bxe8 (18. Nxc6 Rxe1+ 19. Qxe1 Bxc6 $17) 18... Nxe5 19. Bh5 Nd3
20. Re3 Nxb2 21. Qe2 (21. Qxd4 Bxd4 22. Bf3 Bxf3 23. Rxf3 Nxa4 $19) 21... Nc4
22. Raa3 Nxa3 23. Nxa3 Nxh5 24. Be5 Qd5 25. Rf3+ Kg8 26. Ba1 Rd8 0-1

[Event "Rubinstein Memorial 34th"]
[Site "Polanica Zdroj"]
[Date "1997.08.27"]
[Round "8"]
[White "Kaminski, Marcin"]
[Black "Malaniuk, Vladimir P"]
[Result "1/2-1/2"]
[WhiteElo "2540"]
[BlackElo "2615"]
[Annotator "Konikowski,J"]
[PlyCount "42"]
[EventDate "1997.08.19"]
[EventType "tourn"]
[EventRounds "11"]
[EventCountry "POL"]
[EventCategory "16"]
[SourceTitle "CBM 061"]
[Source "ChessBase"]
[SourceDate "1997.11.23"]
[SourceVersion "1"]
[SourceVersionDate "1997.11.23"]
[SourceQuality "1"]

1. e4 e5 2. Nf3 Nc6 3. Bb5 a6 4. Ba4 Nf6 5. O-O b5 6. Bb3 Bc5 (6... Bb7 $5) 7.
c3 (7. Nxe5 Nxe5 8. d4 $14) 7... d6 8. d4 Bb6 9. dxe5 Nxe5 10. Nxe5 dxe5 11.
Qxd8+ Kxd8 12. Bxf7 Rf8 (12... Bb7 13. Bg5 Ke7 14. Bd5 (14. Bb3 Rad8 15. Nd2 h6
16. Bxf6+ gxf6 17. Rfd1 Rd6 18. Kf1 Rhd8 $132) 14... Bxd5 15. exd5 Kd6 16. Bxf6
gxf6 17. Rd1 Rad8 18. Na3 $16) 13. Bd5 Nxd5 14. exd5 Bb7 15. a4 Bxd5 16. axb5
axb5 (16... Bc4 17. Rd1+ Ke7 18. Be3 (18. Bg5+ Ke6 19. Bh4 axb5 20. Rxa8 Rxa8
21. Na3 Bb3 22. Rd2 Bc5 $17) 18... Bxe3 19. fxe3 Rad8 20. Na3 Bxb5 21. Nxb5
axb5 22. b4 Rxd1+ 23. Rxd1 Rd8 24. Rxd8 Kxd8 25. e4 c5 26. Kf2 c4 27. Kf3 Ke7
28. Kg4 Kf6 29. Kh5 h6 30. g4 Kf7 31. g5 hxg5 32. Kxg5 g6 33. h4 Kg7 34. h5
gxh5 35. Kxh5 Kf6 36. Kh6 Kf7 37. Kg5 {1-0 Dembo,Y-Sergeeva,M/WchJW U14 Cala
Galdana 1996/JUN 97}) 17. Rxa8+ Bxa8 18. Be3 Bxe3 19. fxe3 Rxf1+ 20. Kxf1 Ke7
21. Nd2 Bd5 1/2-1/2

[Event "Oberliga NRW 9293 II"]
[Site "Germany"]
[Date "1993.??.??"]
[Round "?.2"]
[White "Kruszynski, Wlodzimierz"]
[Black "Kishnev, Sergey"]
[Result "0-1"]
[WhiteElo "2385"]
[BlackElo "2500"]
[Annotator "Konikowski,J"]
[PlyCount "106"]
[EventDate "1992.10.??"]
[EventType "team"]
[EventRounds "10"]
[EventCountry "GER"]
[SourceTitle "CBM 037"]
[Source "ChessBase"]
[SourceDate "1993.12.01"]
[SourceVersion "1"]
[SourceVersionDate "1993.12.01"]
[SourceQuality "1"]
[WhiteTeam "Krefeld"]
[BlackTeam "Gelsenkirchen"]
[WhiteTeamCountry "GER"]
[BlackTeamCountry "GER"]

1. e4 e5 2. Nf3 Nc6 3. Bb5 a6 4. Ba4 Nf6 5. O-O b5 6. Bb3 Bb7 7. Re1 Bc5 8. c3
d6 9. d4 Bb6 10. Be3 (10. Qd3 h6 11. Nbd2 O-O 12. d5 (12. Nf1 d5 13. exd5 e4
14. Rxe4 Nxe4 15. Qxe4 Ne7 16. Ne3 Qe8 17. Ne5 Rd8 $13 {Guerra-Nishimura/Aosta/
1990/}) 12... Ne7 13. Nf1 c6 14. dxc6 Bxc6 15. Ng3 Qc7 16. Be3 Rad8 $13 {
Shalanci-Mikhalchishin/Budapest/1990/}) (10. a4 bxa4 (10... O-O 11. axb5 axb5
12. Rxa8 Bxa8 13. d5 Ne7 14. Bg5 Ng6 15. Nh4 Nxh4 16. Bxh4 h6 17. Na3 g5 18.
Bg3 Qd7 19. h3 $2 (19. Qd3 $142) 19... c6 20. Qf3 Kg7 21. dxc6 Bxc6 22. Bc2 h5
23. h4 Ng4 24. Qe2 Qe7 25. hxg5 Qxg5 26. Rf1 f5 $1 $17 {Bednarski-Lewi/Lublin/
1969/}) 11. Bxa4 O-O 12. Bg5 h6 13. Bh4 Qe7 14. Na3 g5 15. Bg3 Nxe4 $5 16. Nc4
f5 17. Nxb6 cxb6 18. Qb3+ Kh7 19. Qxb6 Rac8 $13 {Kotkov}) 10... O-O (10... Nxe4
$2 11. d5 $18) 11. Nbd2 (11. d5 Ne7 12. Bxb6 cxb6 13. Nbd2 Nd7 14. Bc2 h6 15.
Nh4 Nxd5 16. Nf5 Ne7 17. Nxd6 Bc6 $13 {Velimirovic-Malaniuk/Vrnjacka Bania/
1991/}) 11... h6 12. h3 (12. dxe5 dxe5 13. Bxb6 cxb6 14. Qe2 Qc7 15. Nh4 Ne7
16. Rad1 Rad8 $10 {Spassky-Smejkal/Sochi/1973/}) 12... exd4 (12... Re8 13. d5
Ne7 14. Bxb6 cxb6 15. Bc2 Nd7 16. a4 bxa4 17. Rxa4 b5 18. Ra3 Qb6 19. Nf1 a5
$13 {Ehlvest-Kuzmin G./Tallinn/1985/}) 13. cxd4 Nb4 14. Qb1 c5 15. a3 (15. d5
c4 16. Bc2 Nd7 17. a3 Nxc2 18. Qxc2 f5 $1 {Renet-Shirov/Correze 1991/}) 15...
Nc6 16. d5 $5 (16. e5 dxe5 17. dxe5 (17. dxc5 Bc7 18. Bxh6 gxh6 19. Qg6+ Kh8
20. Qxh6+ Nh7 21. Ne4 Nd4 22. Nxd4 exd4 23. Rad1 $13 {Khalifman-Malaniuk/Minsk/
1985/}) 17... Nd5 18. Ne4 c4 19. Bxb6 Qxb6 20. Bc2 Nce7 21. Nd6 Bc8 22. Be4 Be6
23. Qd1 Rad8 24. Qd2 Nc7 25. Nd4 $16 {Scuderi-Karlsson B./corr.1987/89/}) 16...
Ne7 17. Bc2 Nd7 18. Bf4 c4 $5 19. Nf1 (19. Bxd6 Bxf2+ 20. Kxf2 Qb6+ 21. Kf1
Qxd6 22. e5 Qb6 23. d6 Nd5 $13) 19... f5 20. exf5 Nxd5 21. Bg3 N5f6 22. Qd1
Bxf3 23. Qxf3 d5 24. Re6 Ra7 25. Rae1 $2 (25. Bd6 Rf7 26. Ne3 d4 27. Nd5 d3 28.
Bd1 $13 {Kishnev}) 25... Nc5 26. R6e5 Bc7 27. Re7 Bb8 28. Rxa7 Bxa7 29. Bh4 d4
30. Nd2 d3 31. Bd1 Qd4 32. Re7 Qxh4 33. Rxa7 Qd4 34. Qg3 Ncd7 35. Qe3 Qxb2 $19
36. Qe6+ Kh8 37. Nf3 Qa1 38. Nh4 Re8 39. Qf7 Qxd1+ 40. Kh2 Qe2 41. Ng6+ Kh7 42.
Rxd7 Nxd7 43. Qxd7 Rg8 44. Qf7 Qe8 45. Qd5 Qd8 46. Qe4 Re8 47. Ne5 Rxe5 48.
Qxe5 d2 49. Qe4 Qd3 50. Qe6 Qd8 51. Qe4 d1=Q 52. f6+ g6 53. Qb7+ Q1d7 0-1

[Event "Hoogovens"]
[Site "Wijk aan Zee"]
[Date "1995.01.??"]
[Round "3"]
[White "Timman, Jan H"]
[Black "Bareev, Evgeny"]
[Result "1/2-1/2"]
[WhiteElo "2635"]
[BlackElo "2675"]
[Annotator "Konikowski,J"]
[PlyCount "75"]
[EventDate "1995.01.??"]
[EventType "k.o."]
[EventRounds "5"]
[EventCountry "NED"]
[SourceTitle "CBM 045"]
[Source "ChessBase"]
[SourceDate "1995.04.01"]
[SourceVersion "1"]
[SourceVersionDate "1995.04.01"]
[SourceQuality "1"]

1. e4 e5 2. Nf3 Nc6 3. Bb5 a6 4. Ba4 Nf6 5. O-O b5 6. Bb3 Bc5 7. a4 Bb7 8. d3
d6 9. Nc3 (9. axb5 $5 axb5 10. Rxa8 Qxa8 11. Nc3 b4 (11... Qa5 12. Bg5 Nd4 13.
Nxd4 Bxd4 14. Bxf6 gxf6 15. Qh5 $36) 12. Nd5 Nxd5 13. Bxd5 O-O $13) 9... b4 10.
Nd5 h6 (10... O-O $6 11. Bg5 $16) 11. a5 O-O 12. c3 Rb8 (12... bxc3 13. bxc3
Rb8 14. d4 Ba7 $13) 13. Bd2 (13. d4 $5 exd4 14. cxd4 Ba7 15. Nxf6+ Qxf6 16. Be3
Rfe8 17. Bd5 Ne7 18. e5 Qg6 19. Bxb7 Rxb7 20. Rc1 $14) 13... bxc3 14. bxc3 Ba7
15. Be3 (15. Qe2 $5) 15... Bc8 (15... Bxe3 16. fxe3 Nxd5 17. Bxd5 Ne7 18. Bxb7
Rxb7 19. Rb1 Rxb1 20. Qxb1 Qa8 21. Qa2 Qc6 $132) 16. Nxf6+ Qxf6 17. Bd5 Bxe3
18. fxe3 Na7 (18... Ne7 $5) 19. Rb1 Rxb1 20. Qxb1 c6 21. Ba2 Nb5 22. Qb2 c5 23.
Bc4 Bd7 (23... Nc7 24. Qb6 Qe7 25. Rb1 Re8 26. Qc6 {/\Rb6}) 24. Qb3 Qd8 (24...
Qe7 $5) 25. Bxf7+ Kh8 $5 (25... Rxf7 26. Ng5 hxg5 27. Qxf7+ Kh7 28. Qh5+ Kg8
29. Qf7+ Kh7 $10) 26. c4 Nc3 27. Qxc3 Rxf7 28. Nd2 Rxf1+ 29. Nxf1 Qb8 30. Nd2 (
30. Kf2 $5) 30... Ba4 31. Kf2 Qd8 32. Nf3 Bd1 33. Qd2 Bxf3 34. gxf3 Qh4+ 35.
Kg2 Qg5+ 36. Kf1 Qh4 37. f4 (37. Qf2 $5) 37... Qh3+ 38. Kg1 1/2-1/2

[Event "RUS-Cup10"]
[Site "Tomsk"]
[Date "1997.07.22"]
[Round "2"]
[White "Galkin, Alexander"]
[Black "Belozerov, Andrei"]
[Result "1/2-1/2"]
[WhiteElo "2540"]
[BlackElo "2450"]
[Annotator "Konikowski,J"]
[PlyCount "37"]
[EventDate "1997.07.21"]
[EventType "swiss"]
[EventRounds "9"]
[EventCountry "RUS"]
[SourceTitle "EXT 2000"]
[Source "ChessBase"]
[SourceDate "1999.11.16"]
[SourceVersion "1"]
[SourceVersionDate "1999.11.16"]
[SourceQuality "1"]

1. e4 e5 2. Nf3 Nc6 3. Bb5 a6 4. Ba4 Nf6 5. O-O b5 6. Bb3 Bb7 7. c3 Nxe4 8. d4
Na5 9. Nxe5 Nxb3 10. Qxb3 Nd6 $5 11. a4 (11. c4 bxc4 12. Nxc4 Nxc4 13. Re1+ (
13. Qxb7 $14 {Zaitsev,I}) 13... Be7 14. Qxc4 O-O 15. Bf4 d6 16. Nc3 Qd7 17.
Rac1 Rae8 18. h3 Bd8 19. Qa4 Rxe1+ 20. Rxe1 Qf5 21. Bg3 h5 $132 {Lau,R-Mainka,
R/Polanica Zdroj/1991/}) (11. Re1 $5 Be7 12. Bf4 (12. Nd2 O-O 13. a4 $14) 12...
O-O 13. a4 Rb8 14. axb5 axb5 15. Nd2 $14) 11... Be7 12. Na3 (12. Nd2 $5) 12...
O-O 13. Bf4 Rb8 14. axb5 axb5 (14... Nxb5 15. Nxb5 d6 16. Nd3 Be4 17. Nb4 Rxb5
18. Qc4 d5 19. Qxc7 Bxb4 20. cxb4 Rxb4 21. f3 Bf5 22. Qxd8 Rxd8 23. Rfd1 Rxb2 {
1/2-1/2 Nijboer,F-Piket,J/NLD-ch 1996/CBM 54}) 15. Nc2 Nf5 16. f3 d6 17. Ng4 c6
18. Nge3 Nxe3 19. Nxe3 1/2-1/2

[Event "Correze m"]
[Site "Correze"]
[Date "1991.??.??"]
[Round "2"]
[White "Renet, Olivier"]
[Black "Shirov, Alexei"]
[Result "0-1"]
[WhiteElo "2470"]
[BlackElo "2615"]
[Annotator "Kortschnoj,V"]
[PlyCount "122"]
[EventDate "1991.01.??"]
[EventType "match"]
[EventRounds "6"]
[EventCountry "FRA"]
[SourceTitle "CBM 023"]
[Source "ChessBase"]
[SourceDate "1991.08.01"]
[SourceVersion "1"]
[SourceVersionDate "1991.08.01"]
[SourceQuality "1"]

1. e4 e5 2. Nf3 Nc6 3. Bb5 a6 4. Ba4 Nf6 5. O-O b5 6. Bb3 Bb7 7. c3 Nxe4 8. d4
Na5 9. Bc2 exd4 10. Nxd4 $5 {The new interesting way to develop white's
initiative.} (10. b4 {is the (old) alternative.}) 10... c5 (10... Bd6 $6 11.
Bxe4 Bxe4 12. Re1 f5 13. Qh5+ g6 14. Qh6 {with a stong attack.}) 11. Nf5 Qf6 (
11... d5 12. f3 Nf6 13. Re1+ Kd7 14. Bg5 {with a dangerous attack.}) 12. Qf3
Nd6 $5 (12... d5 13. Nd2 Nxd2 (13... O-O-O 14. Nxe4 dxe4 15. Bxe4 Bxe4 16. Qxe4
Qc6 {is unclear.}) 14. Bxd2 O-O-O {is the critical line.}) 13. Qe3+ Kd8 14.
Qxc5 Ne4 15. Qd4 Qxf5 16. Nd2 Qf6 17. Nxe4 Qxd4 18. cxd4 $14 f6 19. Nc5 Bd5 20.
Bf5 g6 21. Be4 Bxe4 22. Nxe4 Be7 23. b3 Nb7 24. Bf4 g5 25. Bd2 Nd6 26. Nc3 Ke8
27. Nd5 Bd8 28. g4 $1 {Having in mind to open the the f-line in order to chase
the black king.} Kf7 29. f4 $2 {Too hasty and hads over the initiative to
black.} (29. Rae1 $1 {/\ f4 and white can reap fruits of his subtile
strategical play.}) 29... Ne4 30. Rad1 h6 31. Be1 Rc8 32. Ne3 Bc7 $17 33. Nd5
Bd6 34. Bb4 Ke6 35. Bxd6 Kxd5 36. Bb4 Rc2 37. fxg5 hxg5 38. Rf5+ Kc6 39. d5+
Kb7 40. Re1 Re8 41. Rf3 Rxa2 42. Rfe3 a5 43. Bc5 $6 (43. Bxa5 {was more
stubborn.}) 43... Rc2 44. Bd4 Nd2 $1 45. Rxe8 Nf3+ 46. Kf1 Nxh2+ 47. Kg1 Nf3+
48. Kf1 Nxd4 49. Rf8 Nxb3 50. Ree8 Rc5 51. Rb8+ Kc7 52. Rbc8+ Kd6 53. Rxf6+
Kxd5 54. Rd8 b4 55. Rxd7+ Kc4 56. Re6 Nd4 57. Re4 Rd5 58. Rc7+ Kd3 59. Re1 Nf3
60. Ra1 b3 61. Kg2 Nd2 0-1

[Event "Leon"]
[Site "Leon"]
[Date "1995.??.??"]
[Round "1"]
[White "Sion Castro, Marcelino"]
[Black "Adams, Michael"]
[Result "0-1"]
[WhiteElo "2390"]
[BlackElo "2655"]
[Annotator "Kortschnoj,V"]
[PlyCount "54"]
[EventDate "1995.05.??"]
[EventType "tourn"]
[EventRounds "9"]
[EventCountry "ESP"]
[EventCategory "14"]
[SourceTitle "CBM 048"]
[Source "ChessBase"]
[SourceDate "1995.10.01"]
[SourceVersion "1"]
[SourceVersionDate "1995.10.01"]
[SourceQuality "1"]

1. e4 {Romero Holmes Wedberg} e5 2. Nf3 Nc6 3. Bb5 a6 4. Ba4 Nf6 5. O-O b5 6.
Bb3 Bc5 7. Nxe5 $5 (7. c3 d6 8. d4 Bb6) 7... Nxe5 8. d4 Bxd4 9. Qxd4 d6 10. f4
(10. c4 {Wedberg} c5 11. Qd1 O-O 12. cxb5 axb5 13. Bg5 c4 14. Bc2 b4 15. Nd2
Ba6 16. Re1 $13 {Kruppa,Y-Onischuk,A/Nikolaev/1995}) 10... c5 11. Qc3 Neg4 (
11... Nc6 $5 12. e5 Nd4 13. Re1 $14) (11... Nxe4 {Wedberg} 12. Qe1 Bb7 13. Nc3
Nxc3 14. Bxf7+ Kxf7 15. fxe5+ Kg8 16. bxc3 $10 {Akopian,V-Malanjuk,V/Moscow/
1994}) 12. e5 (12. h3 Nxe4 13. Qd3 Bb7 14. hxg4 c4 15. Bxc4 bxc4 16. Qxc4 Qb6+
$44) 12... Ne4 13. Qf3 (13. Qd3 Bb7 14. Bd5 Qh4 15. h3 Ngf2 16. Qb3 c4 17. Bxc4
bxc4 18. Qxb7 Nxh3+ $10) (13. Qe1 {Romero Holmes} Bb7) 13... d5 14. c4 $5 (14.
c3 $10) 14... bxc4 (14... Nxh2 $5 15. Kxh2 Qh4+ 16. Kg1 Bg4 {Adams, Sion.} 17.
Qd3 Ng3 $44) 15. Ba4+ Kf8 (15... Bd7 16. Qxg4 Bxa4 17. Qxg7 $36 (17. Qxg7 {
Wedberg} Rf8 18. f5 $16)) 16. Bc6 Rb8 17. Nc3 Nxc3 18. bxc3 d4 (18... Be6 19.
f5 (19. Ba3 $36 {Wedberg}) 19... Nxe5 20. Qg3 Nxc6 21. fxe6 $40) 19. Ba3 (19.
h3 $1 {Romero Holmes} Nh6 20. g4 $16 (20. Ba3 $16)) 19... Kg8 20. Bxc5 d3 21.
Rab1 $6 (21. h3 h5 $13) (21. e6 $5 Nf6 22. f5 fxe6 23. fxe6 Bxe6 24. Rae1 $36
Bg4 $2 25. Qxg4 Nxg4 26. Re8+ $18) (21. Bd4 $5) 21... Rxb1 22. Rxb1 h5 23. Qe4
$6 (23. h3 $1 {Romero Holmes}) 23... Rh6 24. Bd6 $4 (24. h3 {Wedberg} Qc7 25.
Bd6 Qa7+ 26. Qd4 Qxd4+ 27. cxd4 c3 28. Rb8 c2 29. Rxc8+ Kh7 30. Be4+ $18) (24.
Bd5 {Romero Holmes}) 24... Qh4 $19 25. h3 {Wedberg This was earlier the
keymove - but now its too late.} (25. Bc5 {Wedberg} Qxh2+ 26. Kf1 Qh1+ 27. Bg1
$13) 25... Qf2+ 26. Kh1 Qxa2 27. Rb8 Qa1+ 0-1

[Event "Zug Young Masters"]
[Site "Zug"]
[Date "2001.10.11"]
[Round "3"]
[White "Fressinet, Laurent"]
[Black "De Vreugt, Dennis"]
[Result "0-1"]
[WhiteElo "2606"]
[BlackElo "2429"]
[Annotator "Kortschnoj,V"]
[PlyCount "74"]
[EventDate "2001.10.09"]
[EventType "tourn"]
[EventRounds "11"]
[EventCountry "SUI"]
[EventCategory "9"]
[SourceTitle "CBM 086"]
[Source "ChessBase"]
[SourceDate "2002.02.05"]
[SourceVersion "1"]
[SourceVersionDate "2002.02.05"]
[SourceQuality "1"]

1. e4 e5 2. Nf3 Nc6 3. Bb5 a6 4. Ba4 Nf6 5. O-O b5 6. Bb3 Bc5 {The modern
fashionable line of Spanish.} 7. a4 Rb8 8. c3 d6 9. d4 Bb6 10. axb5 axb5 11.
Na3 O-O 12. Nxb5 Bg4 {Up to now everything is very theoretical - this position
was played dozens of times by leading grandmasters.} 13. d5 {This move is more
or less a new attempt to prove the white's advantage. Moves 13.Re1 or 13.Be3
were considered to be more safe for white.} Ne7 (13... Nxe4 {had been tried by
black without success: after} 14. dxc6 Nxf2 15. Rxf2 Bxf2+ 16. Kxf2 Rxb5 17.
Bd5 {white obtained a clear edge.}) 14. Qd3 {In fact, this is a new move.
White with this move prevents black to recapture the pawn. But now black
exploiting akward location of several white pieces (Nb5, Qd3, Bb3) will gain
several important tempi to develop his initiative.} (14. Bc2 {had been played
with satisfactory results.} Bxf2+ 15. Rxf2 Rxb5 16. b4 $14) 14... Nd7 15. Bd1
f5 16. exf5 Bxf5 17. Qc4 Nf6 {One threat is Be4, as well as Nfxd5.} 18. Bg5 h6
19. Bxf6 Rxf6 20. Nd2 Qe8 $1 21. Be2 ({If} 21. Nxc7 $2 {then} Bxc7 22. Qxc7 Bd3
23. Re1 Rxb2 {and black is OK. To prolong the variation a bit?} 24. Ne4 Bxe4
25. Rxe4 Rfxf2 26. Bf3 $2 (26. Rg4) 26... Rxg2+ 27. Bxg2 Qg6 $19) 21... Qf7 22.
Bf3 Ng6 23. Kh1 Bd7 $1 24. Na3 (24. Nxc7 $2 Rc8 25. Ra8 Bxc7 $19) 24... Rf8 25.
Be4 {The pressure along the f-file is unbearable - the pawn f2 was doomed
anyway.} Rxf2 26. Qd3 Rxf1+ 27. Rxf1 Nf4 28. Qf3 Qe7 29. Nac4 Ba7 30. Qd1 ({
After} 30. g3 {black had the only reply} Ne6 $1 {with a big advantage.} (30...
Nh3 $2 31. Bh7+)) 30... Be8 (30... Qe8 $5 31. Qa1 Qb8) 31. Qa1 c6 32. dxc6 (32.
Nxd6 $5 {Or} cxd5 33. Nc8 Qg5 34. Qxa7 dxe4 35. Ne7+ Kh7 36. g3 {and the fight
is still in a full glare.}) 32... d5 33. Qa5 $2 {A trap but an ill-fated one.
After taking on f4 and then on d5 the position is not easy to evaluate.} Bxc6 {
Very simple - a winning move.To grab a piece would be wrong because of c6-c7.}
34. Rxf4 exf4 35. Bxd5+ Kh8 36. Nf3 Bxd5 37. Qxd5 Rd8 0-1